000 00729cam a2200193 i 4500
005 20251202112616.0
008 250721s1994 ts gr 000 0 ara d
082 1 4 _a214
_bخ م ي
100 1 _aالخميس، محمد بن عبد الرحمن
_eمؤلف.
245 1 0 _aشرح العقيدة الطحاوية الميسر /
_cد. محمد بن عبد الرحمن الخميس.
250 _aالطبعة الاولى.
264 3 1 _aالشارقة :
_bدار الفتح للطباعة والنشر والتوزيع،
_c1994.
300 _a110صفحة.
650 1 7 _aأصول الدين الإسلامي.
650 1 7 _aعلم الكلام.
650 1 7 _aالتوحيد.
942 _2ddc
_cBK
999 _c41501
_d41501